{"text_format":"3","workbook":"xlsx","n_sheets":1,"sheets":["Angebotsvergleich"],"read":"whole","date_system":"1900"}

{"sheet":"Angebotsvergleich","index":0,"n_rows":30,"n_cols":10,"rows_kept":30,"merged":[[0,0,0,9],[2,0,2,1],[2,2,2,3],[3,0,3,1],[3,2,3,3],[4,0,4,1],[4,2,4,3],[5,0,5,1],[5,2,5,3],[17,2,17,3],[18,2,18,3],[19,2,19,3],[20,2,20,3],[21,2,21,3],[22,2,22,3],[23,2,23,3],[29,0,31,9]]}
["Angebotsvergleich"]
[]
["Projekt:"]
["Projekt-Nr.:"]
["Datum:"]
["Bearbeiter:"]
[]
[]
["Pos.","Leistung / Position","Menge","Einheit","Anbieter 1\nEP","Anbieter 1\nGesamt","Anbieter 2\nEP","Anbieter 2\nGesamt","Anbieter 3\nEP","Anbieter 3\nGesamt"]
[{"$f":"ROW()-9","v":1},"Erdarbeiten",120,"m³",45,{"$f":"IF(OR(C10=\"\",E10=\"\"),\"\",C10*E10)","v":5400},48,{"$f":"IF(OR(C10=\"\",G10=\"\"),\"\",C10*G10)","v":5760},42,{"$f":"IF(OR(C10=\"\",I10=\"\"),\"\",C10*I10)","v":5040}]
[2,"Fundament Beton C25/30",80,"m³",120,9600,115,9200,130,10400]
[3,"Mauerwerk Außenwände",250,"m²",75,18750,70,17500,72,18000]
[4,"Fenster inkl. Montage",30,"Stk",420,12600,460,13800,410,12300]
[5,"Dachabdichtung",280,"m²",55,15400,58,16240,60,16800]
[6,"Innenelektroinstallation",450,"m²",38,17100,40,18000,37,16650]
[]
[]
[null,null,"Zwischensumme",null,null,{"$f":"SUM(F10:F15)","v":78850},null,{"$f":"SUM(H10:H15)","v":80500},null,{"$f":"SUM(J10:J15)","v":79190}]
[null,null,"Rabatt (%)",null,null,0,null,0,null,0]
[null,null,"Rabattbetrag",null,null,{"$f":"F18*F19","v":0},null,{"$f":"H18*H19","v":0},null,{"$f":"J18*J19","v":0}]
[null,null,"Netto nach Rabatt",null,null,{"$f":"F18-F20","v":78850},null,{"$f":"H18-H20","v":80500},null,{"$f":"J18-J20","v":79190}]
[null,null,"MwSt (%)",null,null,0.19,null,0.19,null,0.19]
[null,null,"MwSt-Betrag",null,null,{"$f":"F21*F22","v":14981.5},null,{"$f":"H21*H22","v":15295},null,{"$f":"J21*J22","v":15046.1}]
[null,null,"Bruttosumme",null,null,{"$f":"F21+F23","v":93831.5},null,{"$f":"H21+H23","v":95795},null,{"$f":"J21+J23","v":94236.1}]
[]
[null,null,"Günstigstes Angebot (Brutto)",{"$f":"IF(F24=MIN(F24,H24,J24),\"Anbieter 1\",IF(H24=MIN(F24,H24,J24),\"Anbieter 2\",\"Anbieter 3\"))","v":"Anbieter 1"}]
[null,null,"Bruttobetrag",{"$f":"MIN(F24,H24,J24)","v":93831.5}]
[]
[]
["Hinweis: Tragen Sie oben die Projektinformationen ein, geben Sie für jede Position Menge und Einheit an und füllen Sie die Einzelpreise pro Anbieter. Die Gesamtwerte und Bruttosummen werden automatisch berechnet. Passen Sie Rabatte und Mehrwertsteuersätze nach Bedarf an."]